Ministri obdivovali, pomôžu aj vo vláde? Prezident Michal Kováč otvoril Agrokomplex '94

Bibliographic Details
Main Author: Hrušovský, Bohuš (Author)
Format: Article
Language:Slovak
PhysicalDescription:Fotogr. 3
Subjects:

MARC

LEADER 00000nab a2200000 a 4500
001 vtls000525744
003 SK-MaSNL
005 20260303010440.0
008 120928c1994 xo 0 slo
015 |a SNBRB19rr/mm-uuuuu 
035 |a CL0525882 
040 |a SNKBUCL  |b slo  |c SNKBUCL  |e AACR2 
041 0 |a slo 
044 |a xo  |c SK 
080 |a 63:061.43  |2 1981 
080 |a 663/664  |2 1981 
100 1 |a Hrušovský, Bohuš  |4 aut  |9 529530 
245 1 0 |a Ministri obdivovali, pomôžu aj vo vláde?  |b Prezident Michal Kováč otvoril Agrokomplex '94  |c Bohuš Hrušovský 
300 |b Fotogr. 3 
650 0 7 |a Agrokomplex 1994, Nitra  |2 snkbucl  |9 987909 
655 7 |a články z novín a časopisov  |2 snkbucl  |9 267496 
773 0 |t Roľnícke noviny  |g Č. 189 (15. 8. 1994), s. 1-2 
850 |a Slovenská národná knižnica v Martine  |a MTA001 
852 |a SNK  |b KIS3GCP 
958 |a RK 
992 |a RBX 
999 |c 1587134  |d 1589064